000 00507nam a2200205Ia 4500
003 OSt
005 20140312101505.0
008 140130s9999 xx 000 0 und d
020 _a0439306078
050 _aPZ 7
_b.Ab131S14 2002
100 _aAbott, Tony
_930907
245 _aVoyage of the jaffa wind /
_cAbott, Tony
260 _bScholastic,
_c2002.
_aNew York :
300 _a133 p. :
_bill. ;
_c18 cm.
440 _v1
_930908
521 _aG3
526 _c510
942 _cBK
_2lcc
999 _c40575
_d40575